Strategies to retaining customers
Relevantnosť podporných programov pre zákazníkov. Problém lojálnosti. Stratégia odmeňovania a stratégia vzájomného vzťahu. Materiály a metódy prieskumu. Výsledky prieskumu, diskusia.
Guardado en:
| Autor principal: | |
|---|---|
| Formato: | Capítulo de libro |
| Lenguaje: | inglés |
| Materias: | |
| Etiquetas: |
Sin Etiquetas, Sea el primero en etiquetar este registro!
|
MARC
| LEADER | 00000nla a2200000 4500 | ||
|---|---|---|---|
| 001 | 0161648 | ||
| 005 | 20240502083359.4 | ||
| 041 | 0 | |a eng | |
| 044 | |a CZ | ||
| 245 | 1 | 0 | |a Strategies to retaining customers |c Dagmar Lesáková |
| 520 | |a Relevantnosť podporných programov pre zákazníkov. Problém lojálnosti. Stratégia odmeňovania a stratégia vzájomného vzťahu. Materiály a metódy prieskumu. Výsledky prieskumu, diskusia. | ||
| 610 | 2 | 0 | |a podpora predaja |
| 610 | 2 | 0 | |a zákazníci |
| 610 | 2 | 0 | |a lojálnosť zákazníkov |
| 610 | 2 | 0 | |a odmeny |
| 100 | 1 | |a Lesáková, Dagmar, 1949- | |